<?xml version="1.0" encoding="UTF-8"?>
<record
    xmlns:xsi="http://www.w3.org/2001/XMLSchema-instance"
    xsi:schemaLocation="http://www.loc.gov/MARC21/slim http://www.loc.gov/standards/marcxml/schema/MARC21slim.xsd"
    xmlns="http://www.loc.gov/MARC21/slim">

  <leader>01030nam a22001937a 4500</leader>
  <controlfield tag="008">090719t        xxu||||| |||| 00| 0 ara d</controlfield>
  <datafield tag="020" ind1=" " ind2=" ">
    <subfield code="a">9789953821979</subfield>
  </datafield>
  <datafield tag="082" ind1=" " ind2=" ">
    <subfield code="2">22</subfield>
    <subfield code="a">384.54</subfield>
    <subfield code="b">&#x639; &#x64A; &#x633;</subfield>
  </datafield>
  <datafield tag="100" ind1=" " ind2=" ">
    <subfield code="9">8064</subfield>
    <subfield code="a">&#x639;&#x64A;&#x633;&#x649; &#x60C; &#x646;&#x647;&#x648;&#x646;&#x62F; &#x627;&#x644;&#x642;&#x627;&#x62F;&#x631;&#x649;</subfield>
    <subfield code="c">&#x62F;&#x643;&#x62A;&#x648;&#x631;&#x629;</subfield>
  </datafield>
  <datafield tag="245" ind1="1" ind2="0">
    <subfield code="a">&#x642;&#x631;&#x627;&#x621;&#x629; &#x641;&#x649; &#x62B;&#x642;&#x627;&#x641;&#x629; &#x627;&#x644;&#x641;&#x636;&#x627;&#x626;&#x64A;&#x627;&#x62A; &#x627;&#x644;&#x639;&#x631;&#x628;&#x64A;&#x629;</subfield>
    <subfield code="b">&#x627;&#x644;&#x648;&#x642;&#x648;&#x641; &#x639;&#x644;&#x649; &#x62A;&#x62E;&#x648;&#x645; &#x627;&#x644;&#x62A;&#x641;&#x643;&#x64A;&#x643;</subfield>
    <subfield code="c">&#x646;&#x647;&#x648;&#x62F; &#x627;&#x644;&#x642;&#x627;&#x62F;&#x631;&#x649; &#x639;&#x64A;&#x633;&#x649;</subfield>
  </datafield>
  <datafield tag="260" ind1=" " ind2=" ">
    <subfield code="a">&#x628;&#x64A;&#x631;&#x648;&#x62A;:</subfield>
    <subfield code="b">&#x645;&#x631;&#x643;&#x632; &#x62F;&#x631;&#x627;&#x633;&#x627;&#x62A; &#x627;&#x644;&#x648;&#x62D;&#x62F;&#x629; &#x627;&#x644;&#x639;&#x631;&#x628;&#x64A;&#x629;&#x60C;</subfield>
    <subfield code="c">2008</subfield>
  </datafield>
  <datafield tag="300" ind1=" " ind2=" ">
    <subfield code="a">366&#x635; &#x61B;</subfield>
    <subfield code="c">24 &#x633;&#x645;</subfield>
  </datafield>
  <datafield tag="500" ind1=" " ind2=" ">
    <subfield code="a">&#x64A;&#x634;&#x62A;&#x645;&#x644; &#x639;&#x644;&#x649; &#x643;&#x634;&#x627;&#x641;&#x627;&#x62A;</subfield>
  </datafield>
  <datafield tag="504" ind1=" " ind2=" ">
    <subfield code="a">&#x64A;&#x634;&#x62A;&#x645;&#x644; &#x639;&#x644;&#x649; &#x627;&#x631;&#x62C;&#x627;&#x639;&#x627;&#x62A; &#x628;&#x628;&#x644;&#x64A;&#x648;&#x62C;&#x631;&#x627;&#x641;&#x64A;&#x629; ( &#x635;341 -350</subfield>
  </datafield>
  <datafield tag="650" ind1=" " ind2=" ">
    <subfield code="9">8065</subfield>
    <subfield code="a">&#x627;&#x644;&#x645;&#x62D;&#x637;&#x627;&#x62A; &#x627;&#x644;&#x62A;&#x644;&#x64A;&#x641;&#x632;&#x64A;&#x648;&#x646;&#x64A;&#x629; &#x627;&#x644;&#x641;&#x636;&#x627;&#x626;&#x64A;&#x629;</subfield>
    <subfield code="z">&#x627;&#x644;&#x628;&#x644;&#x62F;&#x627;&#x646; &#x627;&#x644;&#x639;&#x631;&#x628;&#x64A;&#x629;</subfield>
  </datafield>
  <datafield tag="650" ind1=" " ind2=" ">
    <subfield code="9">8066</subfield>
    <subfield code="a">&#x627;&#x644;&#x627;&#x639;&#x644;&#x627;&#x645; &#x627;&#x644;&#x639;&#x631;&#x628;&#x649;</subfield>
  </datafield>
  <datafield tag="942" ind1=" " ind2=" ">
    <subfield code="2">ddc</subfield>
    <subfield code="c">BB</subfield>
  </datafield>
  <datafield tag="999" ind1=" " ind2=" ">
    <subfield code="c">12367</subfield>
    <subfield code="d">12367</subfield>
  </datafield>
  <datafield tag="952" ind1=" " ind2=" ">
    <subfield code="0">0</subfield>
    <subfield code="1">0</subfield>
    <subfield code="2">ddc</subfield>
    <subfield code="4">0</subfield>
    <subfield code="7">0</subfield>
    <subfield code="8">mas</subfield>
    <subfield code="a">MAIN</subfield>
    <subfield code="b">MAIN</subfield>
    <subfield code="c">1ST</subfield>
    <subfield code="d">2009-07-19</subfield>
    <subfield code="e">purchase</subfield>
    <subfield code="g">78.00</subfield>
    <subfield code="h">7013</subfield>
    <subfield code="o">384.54 &#x639;&#x64A;&#x633;</subfield>
    <subfield code="p">000017531</subfield>
    <subfield code="r">2025-07-15 00:00:00</subfield>
    <subfield code="y">BB</subfield>
  </datafield>
</record>
